00954nam a22002177a 45000010005000000030006000050050017000110080041000280400029000690820012000981000014001102450072001242600018001963000050002144900050002645050008003145200281003225200084006035210029006875210020007169401FISKH20260105102530.0260105b cb ||||| |||| 00| 0 eng d aFISKHbkhrcFISKHdFISKH a398.245 aAnonymous aសត្វលាដ៏សែនខ្ជិល​ /cBy Anonymous aPhnom Penh :  a16 pages : bcolor illustrations ; c21 cm .  aនិទានអប់រំគំនិត aR  aតោលោភលន់មួយក្បាល​, ជីវិតប្រៀបដូចជាសំឡេងដែលឡងមកវិញអញ្ចឹង , សត្វលាដ៏សែនខ្ជិល ,​ កូនក្តាមនិងមេរបស់វា  aThe greedy lion , Life is an Encho ,The lazy donkey , Baby crab and his mother 8 a680 bLexile estimate 8 aR bRaz-Plus